Choices an introduction to decision theory /

Bibliographic Details
Main Author: Resnik, Michael D.
Corporate Author: ProQuest (Firm)
Format: Electronic eBook
Language:English
Published: Minneapolis : University of Minnesota Press, c1987.
Subjects:
Online Access:Click to View
LEADER 01292nam a2200361Ia 4500
001 EBC310182
003 MiAaPQ
005 20200520144314.0
006 m o d |
007 cr cn|||||||||
008 860508s1987 mnua sb s001 0 eng d
010 |z  86011307  
020 |z 0816614393 : 
020 |z 0816614407 (pbk.) : 
020 |z 9780816614394 
035 |a (MiAaPQ)EBC310182 
035 |a (Au-PeEL)EBL310182 
035 |a (CaPaEBR)ebr10151143 
035 |a (CaONFJC)MIL522437 
035 |a (OCoLC)226376779 
040 |a MiAaPQ  |c MiAaPQ  |d MiAaPQ 
050 4 |a T57.95  |b .R45 1987 
100 1 |a Resnik, Michael D. 
245 1 0 |a Choices  |h [electronic resource] :  |b an introduction to decision theory /  |c Michael D. Resnik. 
260 |a Minneapolis :  |b University of Minnesota Press,  |c c1987. 
300 |a xiii, 221 p. :  |b ill. 
504 |a Includes bibliographical references and index. 
533 |a Electronic reproduction. Ann Arbor, MI : ProQuest, 2015. Available via World Wide Web. Access may be limited to ProQuest affiliated libraries. 
650 0 |a Decision making. 
650 0 |a Statistical decision. 
655 4 |a Electronic books. 
710 2 |a ProQuest (Firm) 
856 4 0 |u https://ebookcentral.proquest.com/lib/matrademy/detail.action?docID=310182  |z Click to View